| 000 | 00432nam a2200181Ia 4500 | ||
|---|---|---|---|
| 001 | 25005 | ||
| 005 | 20260414151121.0 | ||
| 008 | 260414t2004||||xx |||||||||||||| ||spa|| | ||
| 041 | _aESP | ||
| 082 |
_a346.1 _bA87 |
||
| 100 |
_aAtienza, Manuel _eAUT |
||
| 245 | 0 |
_aBioética, derecho y argumentación _b |
|
| 260 | _c2004 | ||
| 300 |
_a131 páginas : _c20 cm. |
||
| 650 | _aDER | ||
| 654 | _aCDE | ||
| 942 |
_cLIB _dJUS _fJUS _2ddc _n |
||
| 999 |
_c25005 _d25005 |
||